000 00268nam a22000977a 4500
999 _c11636
_d11636
008 190923b ||||| |||| 00| 0 eng d
020 _a9789386299666
100 _aCBSE
_97339
245 _aChemistry Most Likely Question Sets-XII
260 _aAGRA
_bOswal Publications
_c2017